[Event "Bethune op-B 25th"]
[Site "Bethune"]
[Date "2004.12.30"]
[Round "7"]
[White "Liparo, Alexandra"]
[Black "Sergent, Francois"]
[Result "0-1"]
[WhiteElo "1370"]
[BlackElo "1720"]
[PlyCount "90"]
[EventDate "2004.12.26"]
[EventType "swiss"]
[EventRounds "7"]
[EventCountry "FRA"]
[SourceTitle "EXT 2006"]
[Source "ChessBase"]
[SourceDate "2005.11.24"]
[SourceVersion "1"]
[SourceVersionDate "2005.11.24"]
[SourceQuality "1"]

1. e4 d5 2. exd5 Qxd5 3. Nc3 Qa5 4. d4 Nf6 5. Bd3 Bg4 6. f3 Bh5 7. Bd2 Nbd7 8. Nb5 Qb6 9. Bc3 c6 10. Na3 Nd5 11. Nc4 Qc7 12. Ne2 e6 13. a3 Be7 14. 0-0 b5 15. Rf2 bxc4 16. Bxc4 Bd6 17. Bxd5 cxd5 18. g3 0-0 19. Bb4 Rfc8 20. Bxd6 Qxd6 21. Nf4 Bg6 22. Nxg6 hxg6 23. Rg2 Rab8 24. Rb1 Nb6 25. c3 Nc4 26. Qc1 Rb3 27. h4 Rcb8 28. h5 Qb6 29. hxg6 fxg6 30. Qg5 e5 31. Re1 Qf6 32. Qg4 exd4 33. Rge2 R3b7 34. cxd4 Nxb2 35. Re8+ Kf7 36. Rxb8 Rxb8 37. Qd7+ Kf8 38. Re6 Qxd4+ 39. Kg2 Nc4 40. Kh3 Qd3 41. Kg2 Rb2+ 42. Kh3 Qf5+ 43. g4 Qxf3+ 44. Kh4 Qh1+ 45. Kg5 Qh6# 0-1

[Event "Bethune op-B 25th"]
[Site "Bethune"]
[Date "2004.12.29"]
[Round "6"]
[White "Bocquet, David"]
[Black "Liparo, Alexandra"]
[Result "0-1"]
[WhiteElo "1710"]
[BlackElo "1370"]
[PlyCount "98"]
[EventDate "2004.12.26"]
[EventType "swiss"]
[EventRounds "7"]
[EventCountry "FRA"]
[SourceTitle "EXT 2006"]
[Source "ChessBase"]
[SourceDate "2005.11.24"]
[SourceVersion "1"]
[SourceVersionDate "2005.11.24"]
[SourceQuality "1"]

1. c4 e5 2. Nc3 Bb4 3. Nf3 Nc6 4. e4 Nf6 5. d3 d6 6. g3 h6 7. Bg2 0-0 8. 0-0 Bg4 9. a3 Bc5 10. Qc2 Bxf3 11. Bxf3 Nd4 12. Qd1 Nxf3+ 13. Qxf3 c6 14. Rb1 Qd7 15. Bxh6 Qh3 16. Bd2 Ng4 17. Qg2 Qh5 18. b4 Bd4 19. Ne2 Nxh2 20. Nxd4 Nxf1 21. Qxf1 exd4 22. Bf4 Rad8 23. Rb2 Rfe8 24. f3 f5 25. Rh2 Qg6 26. Qh3 fxe4 27. fxe4 Rf8 28. Bxd6 Qxd6 29. Qh8+ Kf7 30. Rf2+ Ke8 31. Qh5+ Kd7 32. Qg4+ Kc7 33. Qxg7+ Kb8 34. c5 Qc7 35. Qxf8 Qxg3+ 36. Rg2 Qxg2+ 37. Kxg2 Rxf8 38. Kg3 Rg8+ 39. Kf4 Kc7 40. e5 Kd7 41. Ke4 Ke6 42. Kxd4 Rg5 43. Kc4 Rxe5 44. d4 Re4 45. a4 Kf5 46. b5 Kf4 47. bxc6 bxc6 48. Kd3 a5 49. Kd2 Rxd4+ 0-1